[Event "40th Olympiad Open"]
[Site "Istanbul TUR"]
[Date "2012.09.07"]
[Round "10.28"]
[Board "4"]
[White "Abdel Razik, Khaled"]
[Black "Atabayev, Yusup"]
[Result "1-0"]
[WhiteTitle "IM"]
[BlackTitle "FM"]
[WhiteElo "2448"]
[BlackElo "2411"]
[WhiteTeam "Egypt"]
[BlackTeam "Turkmenistan"]
[WhiteFideId "10601104"]
[BlackFideId "14001128"]
[EventDate "2012.08.28"]

1. d4 Nf6 2. c4 c5 3. d5 e6 4. Nc3 exd5 5. cxd5 d6 6. e4 g6 7. Nf3 Bg7 8. Bd3
O-O 9. h3 a6 10. O-O b5 11. a3 Nbd7 12. Re1 Re8 13. Bf4 Qb6 14. b4 Nh5 15. Bd2
c4 16. Bc2 Ne5 17. a4 Bd7 18. Ra3 Rac8 19. axb5 axb5 20. Be3 Qd8 21. Nd4 Qf6 22.
Qd2 h6 23. Ra7 Bxh3 24. gxh3 Nf3+ 25. Nxf3 Qxf3 26. Ra3 Qxh3 27. Qe2 Be5 28. f3
Qg3+ 29. Kf1 Qh4 30. Qd2 Qh1+ 31. Ke2 Ng3+ 32. Kd1 Qxf3+ 33. Kc1 Ra8 34. Nxb5
Rxa3 35. Nxa3 Ra8 36. Nxc4 Ra1+ 37. Bb1 Qxe4 38. Qc2 Bc3 39. Qxe4 Nxe4 40. Rh1
Bxb4 41. Kb2 Bc3+ 42. Kb3 Ng3 43. Rd1 Bf6 44. Nxd6 h5 45. Ne8 Bd8 46. Bd4 Ra8
47. Nf6+ Kf8 48. Re1 Ba5 49. Re5 h4 50. d6 Rb8+ 51. Ka2 Rb4 52. Re8+ Kg7 53.
Rg8+ 1-0

[Event "40th Olympiad Open"]
[Site "Istanbul TUR"]
[Date "2012.09.07"]
[Round "10.29"]
[Board "1"]
[White "Ssegwanyi, Arthur"]
[Black "Morovic Fernandez, Ivan"]
[Result "0-1"]
[BlackTitle "GM"]
[WhiteElo "2178"]
[BlackElo "2575"]
[WhiteTeam "Uganda"]
[BlackTeam "Chile"]
[WhiteFideId "10000100"]
[BlackFideId "3405400"]
[EventDate "2012.08.28"]

1. e4 e5 2. Nf3 Nc6 3. Bc4 Bc5 4. b4 Bxb4 5. c3 Be7 6. d4 Na5 7. Nxe5 Nxc4 8.
Nxc4 d5 9. exd5 Qxd5 10. Ne3 Qa5 11. O-O Nf6 12. Nc4 Qa6 13. Ne5 O-O 14. Nd2 c5
15. Ndf3 cxd4 16. cxd4 Nd5 17. Bd2 f6 18. Qb3 Be6 19. Nd7 Nf4 20. Qe3 Ne2+ 21.
Kh1 Rfe8 22. Rfe1 Bc4 23. Qe4 Rad8 24. Qg4 Be6 25. Qe4 Bc4 26. Qg4 Be6 27. Qe4
Nxd4 28. Nb8 Rxb8 29. Nxd4 Bf7 30. Nf5 Bf8 31. Qg4 Bg6 32. Nh4 Rxe1+ 33. Rxe1
Re8 34. Be3 Bf7 35. Ra1 Qc4 36. Qg3 Qc3 37. Rg1 Bxa2 38. Nf5 Qe5 39. Nh6+ Kh8
40. Bf4 Qe6 41. Ng4 b5 42. h4 b4 43. h5 h6 0-1

[Event "40th Olympiad Open"]
[Site "Istanbul TUR"]
[Date "2012.09.07"]
[Round "10.29"]
[Board "2"]
[White "Vasquez Schroeder, Rodrigo"]
[Black "Kawuma, Patrick"]
[Result "1-0"]
[WhiteTitle "GM"]
[BlackTitle "CM"]
[WhiteElo "2533"]
[BlackElo "2209"]
[WhiteTeam "Chile"]
[BlackTeam "Uganda"]
[WhiteFideId "3400042"]
[BlackFideId "10000127"]
[EventDate "2012.08.28"]

1. d4 Nf6 2. c4 g6 3. g3 Bg7 4. Bg2 O-O 5. Nc3 d6 6. Nf3 Nc6 7. d5 Na5 8. Nd2 c5
9. O-O Rb8 10. Qc2 a6 11. b3 b5 12. Rb1 e6 13. e4 exd5 14. cxd5 Ne8 15. Nf3 f5
16. Bg5 Qc7 17. Bd2 Nf6 18. e5 dxe5 19. Nxe5 Bb7 20. Nc6 Nxc6 21. dxc6 Bxc6 22.
Bf4 Qb7 23. Bxc6 Qxc6 24. Bxb8 Rxb8 25. Rbd1 Ng4 26. Nd5 Re8 27. f3 Ne3 28. Nxe3
Rxe3 29. Rd8+ Kf7 30. Kg2 Bf6 31. Rd3 Rxd3 32. Qxd3 c4 33. bxc4 bxc4 34. Rc1 c3
35. Rd1 Ke6 36. Qe3+ Kf7 37. Qa7+ Be7 38. Re1 Qd6 39. Re2 h5 40. h4 Qa3 41. Qd7
Qd6 42. Qxd6 Bxd6 43. f4 Bc5 44. Kf1 Bb4 45. Kf2 Kf6 46. Ke3 Ke6 47. Kd3+ Kd5
48. Re5+ Kd6 49. Re8 Kd5 1-0

[Event "40th Olympiad Open"]
[Site "Istanbul TUR"]
[Date "2012.09.07"]
[Round "10.29"]
[Board "3"]
[White "Wanyama, Harold"]
[Black "Salinas Herrera, Pablo"]
[Result "1-0"]
[BlackTitle "FM"]
[WhiteElo "2159"]
[BlackElo "2417"]
[WhiteTeam "Uganda"]
[BlackTeam "Chile"]
[WhiteFideId "10000380"]
[BlackFideId "3407128"]
[EventDate "2012.08.28"]

1. e4 c5 2. Nf3 Nc6 3. d4 cxd4 4. Nxd4 Qc7 5. Be3 Nf6 6. Nc3 e6 7. a3 a6 8. Be2
Be7 9. O-O O-O 10. f4 d6 11. Kh1 Nxd4 12. Qxd4 Bd7 13. e5 Ne8 14. Rf3 Bc6 15.
Rh3 Rd8 16. Bd3 g6 17. Qa7 Qb8 18. Qxb8 Rxb8 19. Bd4 Rd8 20. Bb6 Rd7 21. Rf1 Ng7
22. Ne4 Bxe4 23. Bxe4 d5 24. Bd3 Rc8 25. b4 Rc3 26. Ra1 d4 27. Rf3 f5 28. exf6
Bxf6 29. g4 Rc6 30. Ba7 Rf7 31. g5 Bxg5 32. Be4 Bf6 33. Bxc6 bxc6 34. Bc5 Rd7
35. Rd1 Rd5 36. Rf2 Nf5 37. Re2 Kf7 38. Rd3 h6 39. Kg2 Nh4+ 40. Kf1 g5 41. Re4
Nf5 42. Ke2 g4 43. Kd2 h5 44. Re1 Bg7 45. Ke2 Bh6 46. Rf1 Bg7 47. Rd2 Ne3 48.
Rf2 Nxc2 49. Kd3 Ne3 50. Ke4 Nf5 51. Kd3 Bf6 52. Rc2 h4 53. Rc1 Ne3 54. Re2 Rd7
55. Ke4 Nf5 56. Kd3 g3 57. Bb6 gxh2 58. Rxh2 Ne7 59. Ke4 Rd5 60. Rd2 Nf5 61.
Rxc6 h3 62. Rc1 Nd6+ 63. Kf3 Nb5 64. Rd3 Kg6 65. Rh1 Nc3 66. Rxh3 Na4 67. Ba7
Nb2 68. Rd2 Na4 69. Rg2+ Kf7 70. Ke4 d3 71. Rxd3 Nc3+ 72. Ke3 Nb5 73. Bc5 Rh5
74. a4 Nc3 75. Rd7+ Ke8 76. Ra7 Rh3+ 77. Kf2 Ne4+ 78. Kg1 Ng3 79. Rxa6 Bh4 80.
Rd2 Nf5 81. Bf2 Kf7 82. b5 1-0

[Event "40th Olympiad Open"]
[Site "Istanbul TUR"]
[Date "2012.09.07"]
[Round "10.29"]
[Board "4"]
[White "Valdes Escobar, Alvaro"]
[Black "Emojong, Elijah"]
[Result "1/2-1/2"]
[WhiteTitle "IM"]
[BlackTitle "FM"]
[WhiteElo "2402"]
[BlackElo "2147"]
[WhiteTeam "Chile"]
[BlackTeam "Uganda"]
[WhiteFideId "3405451"]
[BlackFideId "10000402"]
[EventDate "2012.08.28"]

1. c4 c5 2. Nf3 Nf6 3. Nc3 Nc6 4. g3 g6 5. d4 cxd4 6. Nxd4 d6 7. Nc2 Bg7 8. Bg2
Bd7 9. O-O Ng4 10. Nd5 h5 11. h4 O-O 12. Bg5 Rc8 13. Rb1 Be6 14. b3 Re8 15. Qd2
Kh7 16. Rbd1 f6 17. Bf4 Qa5 18. Ncb4 f5 19. Bg5 Nge5 20. e4 fxe4 21. Bxe4 Bh3
22. Bg2 e6 23. Nxc6 Qxd2 24. Rxd2 Bxg2 25. Kxg2 bxc6 26. Nf6+ Bxf6 27. Bxf6 Nd7
28. Bd4 Rc7 29. Re1 Nf8 30. c5 d5 31. Rde2 Rf7 32. Re3 Kg8 33. f3 Rfe7 34. Bf6
Rb7 35. g4 Nd7 36. Bc3 Kf7 37. gxh5 gxh5 38. b4 e5 39. Bxe5 Rxb4 40. Bd6 Rxe3
41. Rxe3 Rb7 42. Kg3 Kf6 43. Ra3 Ke6 44. Re3+ Kf5 45. Ra3 Ke6 46. Re3+ Kf5 47.
Ra3 Ke6 1/2-1/2

[Event "40th Olympiad Open"]
[Site "Istanbul TUR"]
[Date "2012.09.07"]
[Round "10.30"]
[Board "2"]
[White "Winants, Luc"]
[Black "Fernandes, Antonio"]
[Result "1-0"]
[WhiteTitle "GM"]
[BlackTitle "GM"]
[WhiteElo "2543"]
[BlackElo "2395"]
[WhiteTeam "Belgium"]
[BlackTeam "Portugal"]
[WhiteFideId "200018"]
[BlackFideId "1900021"]
[EventDate "2012.08.28"]

1. d4 d5 2. c4 c6 3. Nc3 Nf6 4. Nf3 dxc4 5. a4 Bg4 6. Ne5 Bf5 7. f3 e6 8. e4 Bg6
9. Bxc4 Nfd7 10. Nxg6 hxg6 11. Be3 a5 12. f4 Qh4+ 13. g3 Qh5 14. Be2 Qh3 15. Bf3
Na6 16. Qe2 Bb4 17. Kf2 Nf6 18. Rag1 O-O 19. e5 Nd5 20. Bg4 Qh6 21. Nxd5 exd5
22. h4 c5 23. Rc1 b6 24. Bf3 Rfd8 25. Rhd1 c4 26. Rh1 Be7 27. g4 Nb4 28. Kg3 f5
29. g5 Qh7 30. Qg2 1-0

[Event "40th Olympiad Open"]
[Site "Istanbul TUR"]
[Date "2012.09.07"]
[Round "10.30"]
[Board "3"]
[White "Pereira, Ruben"]
[Black "Ringoir, Tanguy"]
[Result "1/2-1/2"]
[WhiteTitle "IM"]
[BlackTitle "IM"]
[WhiteElo "2417"]
[BlackElo "2448"]
[WhiteTeam "Portugal"]
[BlackTeam "Belgium"]
[WhiteFideId "1903063"]
[BlackFideId "208027"]
[EventDate "2012.08.28"]

1. Nf3 f5 2. g3 Nf6 3. Bg2 g6 4. O-O Bg7 5. c4 O-O 6. Nc3 d6 7. d4 c6 8. d5 Bd7
9. Rb1 Na6 10. Nd4 Rc8 11. b3 Nc5 12. Bb2 cxd5 13. Nxd5 Nxd5 14. Bxd5+ e6 15.
Bg2 a6 16. Qd2 b5 17. cxb5 axb5 18. Qb4 Qb6 19. a4 Na6 20. a5 Nxb4 21. axb6 Rb8
22. b7 d5 23. Ba3 Bxd4 24. Bxb4 Rf7 25. Rfd1 Bb6 26. Ra1 Rxb7 27. Ra8+ Kg7 28.
Bc3+ Kh6 29. Bd2+ Kg7 30. Bc3+ Kh6 31. Bd2+ 1/2-1/2

[Event "40th Olympiad Open"]
[Site "Istanbul TUR"]
[Date "2012.09.07"]
[Round "10.31"]
[Board "1"]
[White "Cuartas, Jaime Alexander"]
[Black "Firat, Burak"]
[Result "1/2-1/2"]
[WhiteTitle "GM"]
[BlackTitle "IM"]
[WhiteElo "2521"]
[BlackElo "2423"]
[WhiteTeam "Colombia"]
[BlackTeam "Turkey 2016"]
[WhiteFideId "4401190"]
[BlackFideId "6305881"]
[EventDate "2012.08.28"]

1. e4 e6 2. d4 d5 3. exd5 exd5 4. Nf3 Bg4 5. h3 Bh5 6. Qe2+ Qe7 7. Be3 Nc6 8.
Nc3 O-O-O 9. O-O-O f6 10. g4 Bf7 11. Nd2 Qe8 12. Nb3 Bb4 13. Qd2 Na5 14. Nxa5
Bxa5 15. a3 Ne7 16. b4 Bb6 17. Re1 Kb8 18. Bf4 Qf8 19. Na4 Nc8 20. Bg2 Nd6 21.
Nxb6 axb6 22. Bxd6 Qxd6 23. Kb2 Rde8 24. h4 h5 25. gxh5 Rxe1 26. Qxe1 Rxh5 27.
Qe3 Rh8 28. Bf3 Re8 29. Qd2 Bg6 30. Rg1 Be4 31. Bxe4 Rxe4 32. Rxg7 Rxh4 33. Qe2
Re4 34. Qh5 b5 35. Qh8+ Ka7 36. Qc8 Qb6 37. Rxc7 Qxd4+ 38. Kb3 Qb6 39. Rd7 Rc4
40. Qd8 Qxf2 41. Qa5+ Kb8 42. Rd8+ Rc8 43. Rxc8+ Kxc8 44. Qxb5 Qe3+ 45. c3 Qe5
46. Qc5+ Kd7 47. Qb5+ Kc8 48. Qc5+ Kd7 49. Qb5+ 1/2-1/2

[Event "40th Olympiad Open"]
[Site "Istanbul TUR"]
[Date "2012.09.07"]
[Round "10.31"]
[Board "2"]
[White "Ali Marandi, Cemil Can"]
[Black "Zapata, Alonso"]
[Result "1/2-1/2"]
[WhiteTitle "FM"]
[BlackTitle "GM"]
[WhiteElo "2362"]
[BlackElo "2481"]
[WhiteTeam "Turkey 2016"]
[BlackTeam "Colombia"]
[WhiteFideId "6300529"]
[BlackFideId "4400011"]
[EventDate "2012.08.28"]

1. e4 c5 2. c3 d5 3. exd5 Qxd5 4. d4 Nf6 5. Nf3 e6 6. Na3 Qd8 7. Nc2 Nc6 8. Bd3
b6 9. O-O Bb7 10. Qe2 Be7 11. Bf4 O-O 12. dxc5 Bxc5 13. Rad1 Qc8 14. Rfe1 Re8
15. Bg5 Be7 16. Ne3 Qc7 17. Bxf6 Bxf6 18. Ng4 Ne7 19. Nxf6+ gxf6 20. Nd4 Ng6 21.
Nb5 Qc6 22. Be4 Qxe4 23. Qxe4 Bxe4 24. Rxe4 Rec8 25. Red4 a6 26. Nd6 Rc7 27. Ne4
Kg7 28. Kf1 f5 29. Ng5 h6 30. Nf3 Kf6 31. Rd6 b5 32. g3 Ne7 33. Nd4 Nc8 34. Rd8
Nb6 35. Rxa8 Nxa8 36. Ne2 Ke7 37. Rd4 Nb6 38. Kg2 Na4 39. Rd2 e5 40. Ng1 Rd7 41.
Re2 f6 42. Nf3 Kf7 43. Nh4 Ke6 44. Nf3 Kf7 45. Nh4 Ke6 1/2-1/2

[Event "40th Olympiad Open"]
[Site "Istanbul TUR"]
[Date "2012.09.07"]
[Round "10.31"]
[Board "3"]
[White "Escobar Forero, Alder"]
[Black "Sanal, Vahap"]
[Result "1/2-1/2"]
[WhiteTitle "IM"]
[BlackTitle "FM"]
[WhiteElo "2493"]
[BlackElo "2387"]
[WhiteTeam "Colombia"]
[BlackTeam "Turkey 2016"]
[WhiteFideId "4400801"]
[BlackFideId "6300545"]
[EventDate "2012.08.28"]

1. e4 e5 2. Nf3 Nc6 3. Bb5 a6 4. Ba4 Nf6 5. d3 b5 6. Bb3 Be7 7. Nc3 O-O 8. h3 d6
9. a3 Nd4 10. Nxd4 exd4 11. Ne2 c5 12. Nf4 Bb7 13. O-O Rc8 14. Ba2 Re8 15. Qf3
c4 16. Bd2 Nd7 17. Nh5 g6 18. Nf4 Bf6 19. Rad1 Ne5 20. Qg3 Bh4 21. Qh2 Qb6 22.
Bb1 a5 23. Kh1 cxd3 24. cxd3 b4 25. axb4 axb4 26. Nd5 Bxd5 27. exd5 Bf6 28. b3
Bg7 29. Qf4 Nd7 30. Rc1 Nf6 31. Rc6 Qb5 32. Qxd6 Qxd5 33. Qxd5 Nxd5 34. Rc4 Rb8
35. Bc2 Re2 36. Bg5 h6 37. Bd1 Rb2 38. Bh4 Nc3 39. Bg3 Re8 40. Bf3 Rxb3 41. Bd6
Bf8 42. Bxf8 Kxf8 43. Rxd4 Rb2 44. Rc1 Ne2 45. Bxe2 Rexe2 46. Rc8+ Kg7 47. Rb8
Rxf2 48. Rdxb4 Rbd2 49. R8b7 Rxd3 50. Rb2 Rxb2 51. Rxb2 Rd4 52. Kh2 h5 53. Kg3
h4+ 54. Kf3 g5 55. Kf2 Kg6 56. Rb5 Rd3 57. Ra5 f6 58. Rb5 Rd7 59. Ra5 Re7 60.
Rb5 Re5 61. Rb6 Ra5 62. Rc6 Kf5 63. Rb6 Rc5 64. Ra6 Ke5 65. Ra2 f5 66. Rb2 Rd5
67. Re2+ Kf4 68. Ra2 Rd4 69. Rb2 Rc4 70. Ra2 Ke5 71. Re2+ Re4 72. Ra2 Rb4 73.
Re2+ Kf6 74. Ra2 Rf4+ 75. Kg1 Rd4 76. Kf2 Rd3 77. Rb2 Ke5 78. Re2+ Kf4 79. Ra2
g4 80. Ra4+ Kg5 81. hxg4 fxg4 82. Ra5+ Kf4 83. Ra4+ Kf5 84. Ra2 Ke4 85. Ra4+ Rd4
86. Ra2 Rc4 87. Re2+ Kf5 88. Ra2 Ke4 89. Re2+ Kd3 90. Re3+ Kd4 91. Re8 Rc2+ 92.
Kf1 Kd3 93. Re7 Rc4 94. Re8 Re4 95. Rh8 Ke3 96. Ra8 Kf4 97. Kf2 Rb4 98. Rf8+ Ke4
99. Re8+ Kd3 100. Rd8+ Rd4 101. Rf8 Kd2 102. Rf7 Rd3 103. Rh7 g3+ 104. Kf1 Rd4
105. Ra7 Rf4+ 106. Kg1 Rd4 107. Ra1 Ke2 108. Rb1 Ke3 109. Re1+ Kf4 110. Rf1+ Kg4
111. Ra1 h3 112. gxh3+ Kxh3 113. Rb1 Rd2 114. Ra1 Rg2+ 115. Kh1 Rh2+ 116. Kg1
Rg2+ 117. Kh1 1/2-1/2

[Event "40th Olympiad Open"]
[Site "Istanbul TUR"]
[Date "2012.09.07"]
[Round "10.31"]
[Board "4"]
[White "Dastan, Muhammed Batuhan"]
[Black "Barrientos, Sergio E"]
[Result "1-0"]
[WhiteTitle "FM"]
[BlackTitle "GM"]
[WhiteElo "2317"]
[BlackElo "2500"]
[WhiteTeam "Turkey 2016"]
[BlackTeam "Colombia"]
[WhiteFideId "6300014"]
[BlackFideId "4401824"]
[EventDate "2012.08.28"]

1. e4 c5 2. Nf3 d6 3. d4 cxd4 4. Nxd4 Nf6 5. Nc3 Nc6 6. Bc4 Qb6 7. Nb3 e6 8. Bf4
Ne5 9. Be2 Bd7 10. Be3 Qc7 11. Nb5 Qb8 12. f4 Nc6 13. Nc3 Be7 14. g4 h6 15. Qd2
b5 16. a3 a6 17. h4 Qc7 18. O-O-O g6 19. g5 Nh5 20. Qe1 b4 21. axb4 Nxb4 22. Qf2
Rb8 23. Bxh5 gxh5 24. f5 e5 25. f6 Bd8 26. g6 Be6 27. g7 Rg8 28. Nd5 Qc6 29.
Nxb4 Rxb4 30. Nd2 Qa4 31. Nb1 Bc7 32. Rd3 Kd7 33. b3 Qc6 34. Rhd1 Rxe4 35. Nc3
Rg4 36. Nd5 Bxd5 37. Rxd5 Qc3 38. Rc5 Qa1+ 39. Kd2 Qa3 40. Qf5+ Kd8 41. Ke2 Rd4
42. Qh7 Qxc5 43. Qxg8+ Kd7 44. Qxf7+ Kc6 45. Qc4 1-0

[Event "40th Olympiad Open"]
[Site "Istanbul TUR"]
[Date "2012.09.07"]
[Round "10.32"]
[Board "1"]
[White "Rahman, Ziaur"]
[Black "Kulpruethanon, Thanadon"]
[Result "1/2-1/2"]
[WhiteTitle "GM"]
[WhiteElo "2516"]
[BlackElo "2068"]
[WhiteTeam "Bangladesh"]
[BlackTeam "Thailand"]
[WhiteFideId "10200037"]
[BlackFideId "6201610"]
[EventDate "2012.08.28"]

1. Nf3 Nf6 2. g3 g6 3. c4 c5 4. Bg2 Bg7 5. Nc3 Nc6 6. d4 cxd4 7. Nxd4 O-O 8. O-O
Nxd4 9. Qxd4 d6 10. Qd3 a6 11. Bf4 Qa5 12. Rac1 Qh5 13. f3 Be6 14. b4 g5 15. Bd2
Qg6 16. e4 Rac8 17. Nd5 Nxd5 18. cxd5 Bd7 19. Qe3 Qf6 20. Qxg5 Qxg5 21. Bxg5
Bd4+ 22. Kh1 f6 23. Bh6 Rfd8 24. Rxc8 Rxc8 25. Rc1 Bc3 26. Rb1 Kf7 27. Be3 e5
28. dxe6+ Bxe6 29. a3 Ba2 30. Rd1 Ke7 31. Bh3 Be6 32. Bxe6 Kxe6 33. Kg2 Bb2 34.
Bf4 Be5 35. Bxe5 dxe5 36. Rd3 h5 37. h4 Rc2+ 38. Kh3 f5 39. exf5+ Kxf5 40. Rd7
Rc3 41. Rf7+ Kg6 42. Rxb7 Rxa3 43. Ra7 Rxf3 44. Rxa6+ Kf7 45. Kg2 Rb3 46. Rh6
Rb2+ 47. Kh3 Rxb4 48. Rxh5 Kf6 49. Rh6+ Kf5 50. Rh8 Kf6 51. Rf8+ Kg6 52. Rf3 e4
53. Rf4 Kh5 54. Rg4 Rd4 55. Rg5+ Kh6 56. Re5 Kg6 57. Kg4 Kf6 58. Re8 Kf7 59. Ra8
Rd3 60. Ra4 Re3 61. h5 Kf6 62. Ra6+ Kf7 63. Ra7+ Kf6 64. h6 Re1 65. Kf4 Kg6 66.
h7 Rh1 67. Kxe4 Re1+ 68. Kf4 Re8 69. Rd7 Ra8 70. Re7 Ra4+ 71. Kf3 Ra8 72. Kg4
Ra4+ 73. Kh3 Ra8 74. Rb7 Rc8 75. Kg4 Ra8 76. Kf4 Ra4+ 77. Kf3 Ra8 78. Ra7 Rb8
79. Ke4 Re8+ 80. Kd5 Rd8+ 81. Ke6 Re8+ 82. Re7 Ra8 83. g4 Ra6+ 84. Ke5 Ra5+ 85.
Kf4 Ra8 86. Kg3 Ra3+ 87. Kh4 Ra8 88. Ra7 Rb8 89. Kg3 Rb3+ 90. Kf4 Rb8 91. Ke5
Re8+ 92. Kd6 Rd8+ 93. Ke7 Rh8 94. Ra6+ Kg7 95. Ke6 Re8+ 96. Kf5 Kxh7 97. Ra7+
Kg8 98. g5 Rb8 99. Kg6 Rb6+ 100. Kh5 Rc6 101. Rb7 Ra6 1/2-1/2

[Event "40th Olympiad Open"]
[Site "Istanbul TUR"]
[Date "2012.09.07"]
[Round "10.32"]
[Board "3"]
[White "Hossain, Enamul"]
[Black "Kongsee, Uaychai"]
[Result "1-0"]
[WhiteTitle "GM"]
[WhiteElo "2480"]
[BlackElo "2273"]
[WhiteTeam "Bangladesh"]
[BlackTeam "Thailand"]
[WhiteFideId "10200649"]
[BlackFideId "6200346"]
[EventDate "2012.08.28"]

1. e4 c5 2. Nf3 d6 3. c3 Nf6 4. Be2 Nbd7 5. d3 g6 6. O-O Bg7 7. Re1 O-O 8. Bf1
Qc7 9. d4 e6 10. h3 b6 11. Bf4 cxd4 12. cxd4 e5 13. Bh2 Bb7 14. Nc3 a6 15. Qd2
Rac8 16. Rad1 Rfe8 17. Qe3 b5 18. a3 Qb6 19. Qd2 h6 20. dxe5 dxe5 21. Re3 Nc5
22. Qe1 Ncd7 23. Red3 Qc7 24. b4 Nb6 25. Nd2 Nc4 26. Nxc4 Qxc4 27. Bxe5 Qe6 28.
f4 Nxe4 29. Nxe4 Bxe5 30. fxe5 Qxe5 31. Nd6 Qxe1 32. Rxe1 Rxe1 33. Nxc8 Bxc8 34.
Rd8+ Kg7 35. Rxc8 Re3 36. Ra8 Rxa3 37. Bxb5 Rb3 38. Rxa6 Rxb4 39. Be2 f5 40. Kf2
h5 41. Bf3 h4 42. Ke3 g5 43. Bh5 Rb3+ 44. Kf2 Rb2+ 45. Kg1 Rb1+ 46. Kh2 Rb5 47.
Rg6+ Kh7 48. Rxg5 Kh6 49. Be8 1-0

[Event "40th Olympiad Open"]
[Site "Istanbul TUR"]
[Date "2012.09.07"]
[Round "10.33"]
[Board "2"]
[White "Kukk, Sander"]
[Black "Ipatov, Alexander"]
[Result "1-0"]
[BlackTitle "GM"]
[WhiteElo "2173"]
[BlackElo "2577"]
[WhiteTeam "Estonia"]
[BlackTeam "Turkey"]
[WhiteFideId "4502094"]
[BlackFideId "14116731"]
[EventDate "2012.08.28"]

1. d3 g6 2. g3 Bg7 3. Bg2 c5 4. c4 Nc6 5. Nc3 e6 6. e3 Nge7 7. Nge2 b6 8. d4 Bb7
9. d5 Ne5 10. O-O O-O 11. dxe6 Bxg2 12. exf7+ Rxf7 13. Kxg2 Nxc4 14. b3 Ne5 15.
Bb2 Qc7 16. Nf4 Qc6+ 17. Nfd5 Raf8 18. e4 Nf3 19. Qxf3 Nxd5 20. exd5 Rxf3 21.
dxc6 Bxc3 22. Bxc3 Rxc3 23. cxd7 Rd3 24. Rad1 Rxd1 25. Rxd1 Rd8 26. Kf3 Kf7 27.
Ke4 Ke6 28. f4 b5 29. g4 c4 30. bxc4 bxc4 31. Rd4 h5 32. h3 hxg4 33. hxg4 Ke7
34. Ke3 Ke6 35. Ke4 1-0

[Event "40th Olympiad Open"]
[Site "Istanbul TUR"]
[Date "2012.09.07"]
[Round "10.33"]
[Board "3"]
[White "Yilmaz, Mustafa"]
[Black "Ezov, Roman"]
[Result "1-0"]
[WhiteTitle "IM"]
[WhiteElo "2543"]
[BlackElo "2185"]
[WhiteTeam "Turkey"]
[BlackTeam "Estonia"]
[WhiteFideId "6302718"]
[BlackFideId "4502078"]
[EventDate "2012.08.28"]

1. Nf3 c5 2. c4 g6 3. Nc3 Bg7 4. e3 Nf6 5. d4 O-O 6. Be2 cxd4 7. exd4 d5 8. O-O
Nc6 9. h3 dxc4 10. Bxc4 Na5 11. Bd3 Be6 12. Re1 Rc8 13. Rxe6 fxe6 14. Qe2 Qd7
15. Bg5 Nd5 16. Ne4 b6 17. Bb5 Nc6 18. Rd1 Rc7 19. Ned2 a6 20. Bxa6 Nxd4 21.
Nxd4 Bxd4 22. Nf3 Bf6 23. Bh6 Rd8 24. Re1 Qd6 25. h4 e5 26. Bc4 Kh8 27. g3 Rdc8
28. Bb3 Nb4 29. Rd1 Qc5 30. a3 e4 31. Qxe4 Na6 32. Qd3 Qc6 33. Ng5 e5 34. Qxa6
Bxg5 35. Bxg5 Kg7 36. Qe2 Re8 37. h5 h6 38. Be3 Rf8 39. Bd5 Qf6 40. Be4 1-0

[Event "40th Olympiad Open"]
[Site "Istanbul TUR"]
[Date "2012.09.07"]
[Round "10.33"]
[Board "4"]
[White "Ladva, Ottomar"]
[Black "Can, Emre"]
[Result "0-1"]
[BlackTitle "GM"]
[WhiteElo "2153"]
[BlackElo "2435"]
[WhiteTeam "Estonia"]
[BlackTeam "Turkey"]
[WhiteFideId "4500024"]
[BlackFideId "6302181"]
[EventDate "2012.08.28"]

1. e4 c5 2. Nf3 d6 3. d4 cxd4 4. Nxd4 Nf6 5. Nc3 g6 6. Bc4 Bg7 7. h3 O-O 8. Bb3
Nbd7 9. O-O Nc5 10. Re1 a6 11. Bg5 h6 12. Bh4 Nxb3 13. axb3 Re8 14. Qd2 Bd7 15.
Nd5 Nxd5 16. exd5 Qb6 17. Rad1 g5 18. Bg3 Qc5 19. Ne2 a5 20. h4 Bf6 21. hxg5
hxg5 22. Nc3 Bf5 23. Ne4 Bxe4 24. Rxe4 Rac8 25. c3 Kg7 26. Rg4 Rh8 27. Bf4 Rh4
28. Rxh4 gxh4 29. Bg5 Rh8 30. Bxf6+ exf6 31. Qf4 Rh5 32. Qc4 b6 33. Qxc5 bxc5
34. c4 Rh8 35. Re1 Rb8 36. Re3 f5 37. f4 Kg6 38. Kh2 Kh5 39. Kh3 Rg8 40. Re7
Rg3+ 41. Kh2 Rxb3 42. Rxf7 Kg4 43. Rf6 Rb6 44. b3 Kxf4 45. Re6 Kg5 46. Kg1 Rxb3
47. Rxd6 Rb4 48. Rc6 Rxc4 49. d6 a4 50. d7 Rd4 51. Rxc5 Rxd7 52. Ra5 Rd4 53. Kh2
Kg4 54. Ra8 Kf4 55. Ra5 Ke4 56. Kh3 Kd3 57. Rxf5 Kc3 58. g4 hxg3 59. Kxg3 a3 0-1

[Event "40th Olympiad Open"]
[Site "Istanbul TUR"]
[Date "2012.09.07"]
[Round "10.34"]
[Board "1"]
[White "Elbaba, Ezat"]
[Black "Jumabayev, Rinat"]
[Result "0-1"]
[BlackTitle "GM"]
[WhiteElo "2172"]
[BlackElo "2525"]
[WhiteTeam "Syria"]
[BlackTeam "Kazakhstan"]
[WhiteFideId "7600534"]
[BlackFideId "13702661"]
[EventDate "2012.08.28"]

1. c4 e5 2. g3 c6 3. d4 exd4 4. Qxd4 d5 5. cxd5 cxd5 6. Bg2 Nf6 7. Nf3 Nc6 8.
Qd3 Be7 9. O-O O-O 10. a3 Ne4 11. Rd1 Qb6 12. Be3 Qxb2 13. Nbd2 Nc3 14. Re1 Rd8
15. Bg5 f6 16. Be3 d4 17. Nxd4 Nxd4 18. Bxd4 Rxd4 19. Nc4 Rxd3 20. exd3 Qxa1 21.
Rxa1 0-1

[Event "40th Olympiad Open"]
[Site "Istanbul TUR"]
[Date "2012.09.07"]
[Round "10.34"]
[Board "2"]
[White "Ismagambetov, Anuar"]
[Black "Al-Tarbosh, Ward"]
[Result "1/2-1/2"]
[WhiteTitle "GM"]
[BlackTitle "FM"]
[WhiteElo "2471"]
[BlackElo "2271"]
[WhiteTeam "Kazakhstan"]
[BlackTeam "Syria"]
[WhiteFideId "13701525"]
[BlackFideId "7601450"]
[EventDate "2012.08.28"]

1. e4 e6 2. d4 d5 3. Nc3 Nf6 4. Bg5 dxe4 5. Nxe4 Be7 6. Bxf6 gxf6 7. Nf3 f5 8.
Ng3 c5 9. c3 Nc6 10. Bb5 cxd4 11. Nxd4 Bd7 12. Nxc6 Bxc6 13. Bxc6+ bxc6 14. Qe2
Qa5 15. b4 Qb5 16. Qxb5 cxb5 17. a4 bxa4 18. Rxa4 O-O 19. Kd2 Rfd8+ 20. Kc2 Bg5
21. Kb3 Rd2 22. Ra2 Rxa2 23. Kxa2 Rd8 24. Rb1 Rd2+ 25. Rb2 Rxb2+ 26. Kxb2 Bh4
27. Kb3 Kf8 28. Kc4 Ke7 29. Kb5 f4 30. Ne2 Bxf2 31. Nxf4 Bg1 32. Ne2 Bxh2 33.
Ka6 f5 34. Kxa7 e5 35. b5 f4 36. b6 e4 37. b7 f3 38. g3 1/2-1/2

[Event "40th Olympiad Open"]
[Site "Istanbul TUR"]
[Date "2012.09.07"]
[Round "10.34"]
[Board "3"]
[White "Hammoudi, Ali"]
[Black "Kostenko, Petr"]
[Result "0-1"]
[BlackTitle "GM"]
[WhiteElo "2155"]
[BlackElo "2494"]
[WhiteTeam "Syria"]
[BlackTeam "Kazakhstan"]
[WhiteFideId "7600321"]
[BlackFideId "13700669"]
[EventDate "2012.08.28"]

1. e4 c5 2. Nf3 e6 3. d4 cxd4 4. Nxd4 a6 5. Bd3 d6 6. O-O Nd7 7. c4 b6 8. f4 Bb7
9. Nc3 g6 10. Be3 Ngf6 11. Bc2 Rc8 12. g4 Be7 13. g5 Nh5 14. Qg4 Rxc4 15. Bb3
Rb4 16. a3 Rxb3 17. Nxb3 h6 18. Bd4 e5 19. fxe5 dxe5 20. Be3 hxg5 21. Rad1 Nf4
22. Rd2 Rh4 23. Qd1 Qc8 24. Nd5 Nf6 25. Nxf6+ Bxf6 26. Bxf4 gxf4 27. Rc2 Rg4+
28. Kf2 Bh4+ 29. Kf3 Bxe4+ 30. Kxe4 Qf5+ 31. Kd5 Qe6+ 32. Ke4 f5+ 33. Kf3 e4+ 0-1